WAP - Lyrics (clean) - Statistics

General Stats
  • This quiz has been taken 15 times
  • The average score is 457 of 621
Answer Stats
Lyrics % Correct
a
100%
(Ah),
100%
and
100%
cookie
100%
Cookie
100%
D
100%
do
100%
gushy,
100%
gushy
100%
I
100%
it
100%
it,
100%
it?"
100%
make
100%
Make
100%
me
100%
(Mmm),
100%
The
100%
to
100%
W*****
100%
water
100%
and
91%
at
91%
be
91%
Beat
91%
days
91%
don't
91%
(Ew)
91%
He
91%
he
91%
in
91%
In
91%
like
91%
Look
91%
look
91%
me
91%
me,
91%
(Mwah)
91%
seven
91%
that
91%
the
91%
this
91%
This
91%
up,
91%
up
91%
week
91%
Wet
91%
wet
91%
wet,
91%
When
91%
ya
91%
(Yeah),
91%
you
91%
You
91%
your
91%
Your
91%
(Ah)
82%
bucket
82%
clean
82%
come
82%
cook,
82%
credit
82%
face
82%
for
82%
house
82%
huh)
82%
huh
82%
I'm
82%
let
82%
on
82%
Out
82%
out
82%
Put
82%
put
82%
right
82%
scene
82%
some
82%
stream
82%
tell
82%
that
82%
that)
82%
that,
82%
There's
82%
want
82%
with
82%
With
82%
Yeah,
82%
yeah,
82%
yeah
82%
(Ah),
73%
baby,
73%
big
73%
Big
73%
Bring
73%
But
73%
but
73%
car
73%
card
73%
certified
73%
dream,
73%
Extra
73%
extra
73%
freak,
73%
get
73%
got
73%
hard
73%
just
73%
large
73%
Mack
73%
(Mmm),
73%
mop
73%
mop,
73%
mouth,
73%
nose
73%
of
73%
phone
73%
public,
73%
ride
73%
ring
73%
Swipe
73%
take
73%
top,
73%
truck
73%
wanna
73%
(Ayy)
64%
bought
64%
charge
64%
disguise
64%
dive
64%
eat
64%
ever
64%
everything
64%
feel
64%
garage
64%
Give
64%
give
64%
his
64%
Hop
64%
if
64%
If
64%
is
64%
It's
64%
it's
64%
kinda
64%
kiss
64%
little
64%
Look,
64%
my
64%
My
64%
Now
64%
now
64%
pictures
64%
roleplay,
64%
said
64%
see
64%
spit
64%
surprised
64%
talk
64%
thighs
64%
Tie
64%
way
64%
weak,
64%
(Woo)
64%
(Ah)
55%
'bout
55%
catch
55%
dealin'
55%
down
55%
fight,
55%
from
55%
game
55%
Gobble
55%
him
55%
how
55%
inside
55%
need
55%
Need
55%
pot,
55%
pullout
55%
(Sco')
55%
sh–,
55%
swallow
55%
that's
55%
then
55%
wap,
55%
wear
55%
where
55%
wild
55%
(Woo)
55%
already
45%
Ask
45%
ask
45%
beatin'
45%
before
45%
believe
45%
cheatin'
45%
coat
45%
drip
45%
drop,
45%
'fore
45%
hang,
45%
Henny
45%
I'll
45%
I'ma
45%
Let's
45%
lip
45%
lookin'
45%
Macaroni
45%
made
45%
meet
45%
mind
45%
money,
45%
name,
45%
pain
45%
park
45%
rain
45%
spell
45%
stand
45%
Talk
45%
thang
45%
touch
45%
(Touch
45%
tuition
45%
while
45%
(While
45%
A1
36%
back
36%
bang
36%
beard,
36%
bite
36%
boots
36%
bottom
36%
came
36%
can't
36%
chain,
36%
cobra
36%
demeanor
36%
feeder
36%
hook
36%
kegel,
36%
king
36%
knees,
36%
lean
36%
lost
36%
never
36%
Never
36%
one
36%
over
36%
Pay
36%
side
36%
Switch
36%
thing
36%
tryna
36%
wig,
36%
bust
27%
could
27%
(Dasani)
27%
deep
27%
drinker,
27%
feelings,
27%
food
27%
garter
27%
goin'
27%
handcuffs,
27%
hitter,
27%
hope
27%
hurt
27%
Not
27%
smoker
27%
snake,
27%
somethin'
27%
talkin'
27%
well,
27%
"Whose
27%
ain't
18%
ate
18%
comin'
18%
cops
18%
Dasani
18%
diabetic
18%
dry
18%
fire,
18%
have
18%
headed
18%
he's
18%
honor,
18%
jump
18%
really
18%
run
18%
soggy
18%
swing
18%
behind
9%
gotta
9%
leashes
9%
Quick,
9%
runnin'
9%
sign
9%
No matching quizzes found
Score Distribution
Percent of People with Each Score
Percentile by Number Answered
Your Score History
You have not taken this quiz